| 000 | 00786nam0a22002651 4500 | ||
|---|---|---|---|
| 001 | rc\427355 | ||
| 005 | 20250621082227.0 | ||
| 035 | _a(NLR Aleph) 005674344 | ||
| 090 |
_a7007794 _c7007794 |
||
| 100 | _a20030616d1987 |||y0rusy50 ca | ||
| 101 | 0 | _arus | |
| 102 | _aRU | ||
| 105 | _aa ||||||||| | ||
| 200 | 1 | _aОгород в Заполярье | |
| 205 | _a2-е изд., доп. | ||
| 210 |
_aМурманск _cКн. изд-во _d1987 |
||
| 215 |
_a93, [2] с. _cил. _d17 |
||
| 320 | _aБиблиогр.: с. 93-94 | ||
| 700 | 1 |
_aЕлсакова _bС.Д. _gСветлана Дмитриевна |
|
| 701 | 1 |
_aЧемисов _bИ.А. _gИван Андреевич |
|
| 801 | 0 |
_aRU _bNLR _gpsbo |
|
| 801 | 1 |
_aRU _bELAR _2rusmarc |
|
| 852 |
_aNLR _j87-2/698 |
||
| 942 | _cBOOK | ||
| 980 | _aNB | ||